Les 101 musiques de Undertale - Statistiques

Statistiques générales
  • Ce quiz a été pris 608 fois
  • Le résultat moyen est 31 sur 101
Statistiques - réponses
Titre de la musique % Correct
100 Megalovania
88%
15 sans.
72%
77 ASGORE
67%
5 Ruins
67%
68 Death by Glamour
61%
24 Bonetrousle
59%
87 Hopes and Dreams
58%
31 Waterfall
58%
3 Your Best Friend
58%
59 Spider Dance
57%
65 CORE
56%
14 Heartache
56%
1 Once Upon A Time
55%
71 Undertale
55%
4 Fallen Down
54%
85 Fallen Down (Reprise)
54%
12 Home
54%
13 Home (Music Box)
54%
98 Battle Against a True Hero
51%
46 Spear of Justice
51%
30 Undyne
51%
48 Alphys
50%
79 Your Best Nightmare
49%
36 Dummy!
43%
10 Ghost Fight
43%
50 Metal Crusher
42%
90 His Theme
40%
23 Shop
39%
17 Snowy
39%
80 Finale
38%
22 Snowdin Town
38%
25 Dating Start!
35%
54 Hotel
35%
76 Bergentrückung
34%
11 Determination
34%
99 Power of "NEO"
33%
43 Temmie Village
33%
51 Another Medium
32%
93 Menu (Full)
32%
21 Dogsong
31%
16 Nyeh Heh Heh!
31%
101 Good Night
30%
72 Song That Might Play When You Fight Sans
30%
2 Start Menu
29%
27 Dating Fight!
28%
26 Dating Tense!
28%
34 Memory
28%
89 SAVE the World
28%
44 Tem Shop
27%
9 Enemy Approaching
26%
63 It's Raining Somewhere Else
26%
84 Amalgam
25%
32 Run!
25%
38 Spooktune
23%
96 Last Goodbye
22%
70 Long Elevator
22%
45 NGAHHH!!
22%
8 Unnecessary Tension
22%
75 Barrier
21%
33 Quiet Water
21%
39 Spookwave
21%
7 Anticipation
20%
19 Dogbass
20%
69 For the Fans
20%
64 CORE Approach
19%
58 Death Report
19%
49 It's Showtime!
19%
47 Ooo
19%
53 Stronger Monsters
19%
42 Thundersnail
19%
67 Oh My...
18%
60 Wrong Enemy
18%
81 An Ending
17%
35 Bird That Carries You Over A Disproportionately Small Gap
17%
55 Can You Really Call This A Hotel I Didn't Receive A Mint On My Pillow
17%
40 Ghouliday
17%
83 Here We Are
17%
57 Live Report
17%
95 Bring It In, Guys!
16%
41 Chill
16%
28 Premonition
16%
94 Respite
16%
92 Reunited
16%
37 Pathetic House
15%
78 You Idiot
15%
88 Burn in Despair!
14%
97 But the Earth Refused to Die
14%
20 Mysterious Place
14%
82 She's Playing Piano
14%
74 Small Shock
14%
73 The Choice
14%
61 Oh! One True Love
13%
56 Confession
12%
29 Danger Mystery
12%
62 Oh! Dungeon
12%
86 Don't Give Up
11%
52 Uwa!! So HEATS!!?
10%
91 Final Power
9%
66 Last Episode!
9%
6 Uwa!! So Temperate♫
6%
18 Uwa!! So Holiday♫
5%
Aucun quiz correspondant
Distribution des résultats
% des personnes avec chaque résultat
Percentile par nombre de réponses
Votre historique - résultats
Vous n’avez pas pris ce quiz